Identification of the presence and impact of Japanese knotweed on development sites (Record no. 84246)
[ view plain ]
| 000 -LEADER | |
|---|---|
| fixed length control field | 01158cab a22002415a 4500 |
| 001 - CONTROL NUMBER | |
| control field | L157042 |
| 008 - FIXED-LENGTH DATA ELEMENTS--GENERAL INFORMATION | |
| fixed length control field | 120817e2012 xxk 000 0 eng d |
| 035 ## - SYSTEM CONTROL NUMBER | |
| System control number | (Sirsi) u157042 |
| 041 0# - LANGUAGE CODE | |
| Language code of text/sound track or separate title | eng |
| 100 1# - MAIN ENTRY--PERSONAL NAME | |
| Personal name | Mclean, Simon |
| 245 00 - TITLE STATEMENT | |
| Title | Identification of the presence and impact of Japanese knotweed on development sites |
| 260 ## - PUBLICATION, DISTRIBUTION, ETC. | |
| Date of publication, distribution, etc. | 2012 |
| 490 ## - SERIES STATEMENT | |
| Series statement | Journal of Building Survey, Appraisal & Valuation |
| Volume/sequential designation | 1(2) 2012, 129-135(7) |
| 520 ## - SUMMARY, ETC. | |
| Summary, etc. | A step by step guide on how to identify the presence of Japanese knotweed "Fallopia Japonica" on a development site. Looks at the options for its treatment and eradication from sites which are either complete removal or insitu chemical treatment. Property owners must abide by the Environment Agency's Code of Practice on "Managing Japanese knotweed on development sites" |
| 590 ## - LOCAL NOTE (RLIN) | |
| Local note | KA |
| 650 24 - SUBJECT ADDED ENTRY--TOPICAL TERM | |
| Topical term or geographic name entry element | ENVIRONMENTAL PROTECTION ACT 1990 |
| 650 24 - SUBJECT ADDED ENTRY--TOPICAL TERM | |
| Topical term or geographic name entry element | ENVIRONMENTAL PROTECTION ACT (DUTY OF CARE) REGULATIONS 1992 |
| 650 24 - SUBJECT ADDED ENTRY--TOPICAL TERM | |
| Topical term or geographic name entry element | WASTE DISPOSAL MANAGEMENT LICENSING REGULATIONS 1994 |
| 651 #4 - SUBJECT ADDED ENTRY--GEOGRAPHIC NAME | |
| Geographic name | United Kingdom |
| Chronological subdivision | |
| 690 ## - LOCAL SUBJECT ADDED ENTRY--TOPICAL TERM (OCLC, RLIN) | |
| Topical term or geographic name as entry element | Contamination |
| 9 (RLIN) | 6231 |
| 690 ## - LOCAL SUBJECT ADDED ENTRY--TOPICAL TERM (OCLC, RLIN) | |
| Topical term or geographic name as entry element | Planning and development |
| 9 (RLIN) | 6259 |
| 942 ## - ADDED ENTRY ELEMENTS (KOHA) | |
| Suppress in OPAC | 0 |
| Withdrawn status | Lost status | Source of classification or shelving scheme | Damaged status | Not for loan | Home library | Current library | Shelving location | Date acquired | Total Checkouts | Full call number | Barcode | Date last seen | Copy number | Price effective from | Koha item type |
|---|---|---|---|---|---|---|---|---|---|---|---|---|---|---|---|
| Dewey Decimal Classification | London | London | Journal article | 17/08/2012 | L157042 | 157042-1001 | 06/08/2019 | 1 | 06/08/2019 | Journal article |